| 000 | 00731nam a22002537a 4500 | ||
|---|---|---|---|
| 001 | 8077 | ||
| 003 | FISKH | ||
| 005 | 20250821120941.0 | ||
| 008 | 250821b cb ||||| |||| 00| 0 eng d | ||
| 040 |
_aFISKH _beng _cFISKH _dFISKH |
||
| 050 | _aQL508.A2 B47 | ||
| 082 | _a595.7 | ||
| 100 | _aBerger, Melvin | ||
| 245 |
_aGrasshoppers / _cMelvin Berger (Author), Gilda Berger |
||
| 260 |
_aNew York : _bScholastic, _c2002. |
||
| 300 |
_a16 unnumbered pages : _bcolor illustrations ; _c18 x 21 cm |
||
| 505 | _aE | ||
| 520 | _aLearn about how grasshoppers make their chirp noises. | ||
| 521 | 8 |
_a160
_bLexile |
|
| 521 | 8 |
_aE
_bRaz-Plus |
|
| 700 |
_aBerger, Gilda _eAuthor |
||
| 942 |
_2ddc _cBK _n0 |
||
| 999 |
_c8077 _d8077 |
||